00313 a2200109 4500001001000000005001700010008004100027245002500068100002500093773007000118999001500188ART_2122520260410161600.0260409a 10aMercado de capitales1 aCamerini, Marcelo A.0 tProfesional & Empresariag- Año XIV, Nº 170 (nov. 2013)wREV70 c9613d9613